LEADER 01111nam a2200241 i 4500 001 000000026995 003 CaOOAMICUS 005 20180830125447.0 008 180830s1890 fr u000 u und u 040 $aSeMil$bita 100 1 $aGayraud, Hippolyte.$0(OLS)http://semarc/name/12270 245 10$aThomisme et molinisme /$cHippolyte Gayraud. 260 $aParis :$bLethielleux,$c1890-1892. 260 $aToulose :$bEdouard Privat,$c1890-1892. 300 $av. ;$c19 cm. 650 4$aTomismo.$0(OLS)http://semarc/subject/728 650 4$aMolinismo.$0(OLS)http://semarc/subject/4330 774 0 $tCritique du molinisme.$dToulose : Edouard Privat, 1890.$g1$w()47330 774 0 $aGayraud, Hippolyte$tExposition du thomisme.$g2$w()47331 774 0 $aGayraud, Hippolyte$tQuestions du jour politiques, sociales, religieuses, philosophiques.$b2. éd.$dParis : Bloud & Barral, 1897.$g1$w()251078 996 $6245$aThomisme et molinisme$9(OLS)http://semarc/title/36493 996 $6260$aToulose :$bEdouard Privat$9(OLS)http://semarc/publisher/33852 996 $6260$aParis :$bLethielleux$9(OLS)http://semarc/publisher/30156 LEADER 01444nam a2200265 i 4500 001 000000044872 003 CaOOAMICUS 005 20150730000000.0 008 150730s1978 it u000 u ita u 013 $a16042 040 $aSeMil$bita 245 10$aVerso una gestione dei beni culturali come servizio pubblico :$battività legislativa e dibattito culturale dallo stato unitario alle regioni (1860-1977) /$ca cura di Augusto Rossari e Roberto Togni ; con testi di Paolo Nicolini e Sandra Sicoli. 260 $a[Milano] :$bGarzanti,$ccopyr. 1978. 300 $a423 p. ;$c21 cm. 500 $aContiene : Appendice. (Edizione speciale per la Regione Lombardia). 650 4$aBeni culturali - Conservazione, gestione, valorizzazione e tutela.$0(OLS)http://semarc/subject/3933 700 1 $aRossari, Augusto.$0(OLS)http://semarc/name/22338 700 1 $aSicoli, Sandra.$0(OLS)http://semarc/name/22341 700 1 $aNicolini, Paolo.$0(OLS)http://semarc/name/22340 700 1 $aTogni, Roberto.$0(OLS)http://semarc/name/22339 850 $aSeMil 852 $aSeMil$W1$xVenegono$y1$m3N V 281$j11027$B11027$CSeMilBibl$Z2$F11027 $81 961 $aOmaggio: Donazione 996 $6245$aVerso una gestione dei beni culturali come servizio pubblico :$battività legislativa e dibattito culturale dallo stato unitario alle regioni (1860-1977)$9(OLS)http://semarc/title/66557 996 $6260$a[Milano] :$bGarzanti$9(OLS)http://semarc/publisher/31829